AYURVEDA SAMUCHAYA (Record no. 16632)

MARC details
000 -LEADER
fixed length control field 00329nam a22001457a 4500
003 - CONTROL NUMBER IDENTIFIER
control field SGT
020 ## - INTERNATIONAL STANDARD BOOK NUMBER
International Standard Book Number 978-81-926525-9-7
082 ## - DEWEY DECIMAL CLASSIFICATION NUMBER
Classification number 615.53
Item number A19P
100 ## - MAIN ENTRY--PERSONAL NAME
Personal name PATIL,SANJAY SAKHARAM
245 ## - TITLE STATEMENT
Title AYURVEDA SAMUCHAYA
260 ## - PUBLICATION, DISTRIBUTION, ETC. (IMPRINT)
Place of publication, distribution, etc NEW DELHI
Name of publisher, distributor, etc CHAUKHAMBA PUB
Year of Publication 2019
300 ## - PAGE DESCRIPTION
No. of Pages 232
650 ## - SUBJECT ADDED ENTRY--TOPICAL TERM
Topical term or geographic name as entry element AYURVEDA
942 ## - ADDED ENTRY ELEMENTS (KOHA)
Source of classification or shelving scheme Dewey Decimal Classification
Koha item type Books
942 ## - ADDED ENTRY ELEMENTS (KOHA)
-- 39
Holdings
Withdrawn status Lost status Source of classification or shelving scheme Damaged status Use restrictions Not for loan Collection code Home library Current library Shelving location Date acquired Vendor Name Cost, normal purchase price SGTU Bill Number Full call number Accession No. (Barcode) Date last seen Bill Date Koha item type Total Checkouts Date last borrowed Checked out
    Dewey Decimal Classification   Restricted Access   AYURVEDA SGT FA-FP Library SGT FA-FP Library Reference Book 23/01/2019 CHAUKHAMBA PUB 900.00 SGTU 1338 615.53 A19P FA8946 23/01/2019 16/01/2019 Books      
    Dewey Decimal Classification       AYURVEDA SGT FA-FP Library SGT FA-FP Library Text Book 23/01/2019 CHAUKHAMBA PUB 900.00 SGTU 1338 615.53 A19P FA8947 02/06/2026 16/01/2019 Books 20 02/06/2026  
    Dewey Decimal Classification       AYURVEDA SGT FA-FP Library SGT FA-FP Library Text Book 23/01/2019 CHAUKHAMBA PUB 900.00 SGTU 1338 615.53 A19P FA8948 06/02/2023 16/01/2019 Books 6 23/01/2023  
    Dewey Decimal Classification       AYURVEDA SGT FA-FP Library SGT FA-FP Library Text Book 23/01/2019 CHAUKHAMBA PUB 900.00 SGTU 1338 615.53 A19P FA8949 20/05/2026 16/01/2019 Books 20 20/05/2026 19/06/2026
    Dewey Decimal Classification       AYURVEDA SGT FA-FP Library SGT FA-FP Library Text Book 23/01/2019 CHAUKHAMBA PUB 900.00 SGTU 1338 615.53 A19P FA8950 20/05/2026 16/01/2019 Books 12 20/05/2026 03/06/2026